000 00661cab a2200217 4500
001 WB2628-49
008 090401t1990 xxu||||| |||| 00| 0 eng d
035 _a(Sirsi) u15625
041 _aeng
245 _aCrossrail tube gets priority
260 _c1990
350 _a0
490 _aDaily Telegraph
_v14/7/90 p7
520 _aA plan by British Rail and London Transport for a tunnel between Liverpool Street and Paddington is to take priority over the extension of the Chelsea-Hackney tube .
650 _aJUBILEE LINE
650 _aLONDON
650 _aUNDERGROUND
690 _aTRANSPORT AND COMMUNICATIONS
942 _n0
948 _c04/03/1997
999 _c10270
_d10270